01214nam a22002894aa4500003000800000005001700008008004100025040003000066041000800096044000700104082001700111100004000128245020000168260002500368300003100393500003600424502018000460650003800640653001600678653001700694653001300711653001300724700003200737942001500769999001700784952012300801BOFEUTO20260512144939.0 t bo gr 000 f spa d 6BOFEUTOaBOFEUTOcBOFEUTO aspa abo aTE6296bL864 aLópez Dalenz, Laura Isabeleautor aFactores que influyen en el clima organizacional del personal en la Clínica Cies (Centro de Investigación Educación y Servicios) regional Oruro, gestión 2022.cLaura Isabel López Dalenz aOruro :bs/n ;c2022 a133 hojas :bs/n ;c2022 . aIncluye bibliografía, anexos. aTesis Dirigida, (Licenciatura) -- Universidad Técnica de Oruro, Facultad de Ciencias Económicas, Financieras y Administrativas, Carrera Administración de Empresas, 2022. aClima Organizacional del Personal aDesempeño aMotivación aServicio aPersonal aRojas Paredes, Claraetutor 2ddccTEn0 c16150d16150 00102ddc4070aUTObUTOc4d2026-05-04i6296l0oTE6296/L864/2022pTE6296r2026-05-12 14:50:36tEj.1w2026-05-12yTE